| 000 | 00597nam a2200229Ia 4500 | ||
|---|---|---|---|
| 003 | OSt | ||
| 005 | 20220918204308.0 | ||
| 006 | a|||||r|||| 00| 0 | ||
| 007 | ta | ||
| 008 | 220917b |||||||| |||| 00| 0 eng d | ||
| 024 | _a111,918 | ||
| 037 | _cTextual | ||
| 040 |
_aARTS _cARTS _beng |
||
| 041 |
_2eng _aeng |
||
| 082 | _aV53:19055:M6, K6-;2 | ||
| 100 |
_aPottinger E A _9111411 |
||
| 245 | 0 | _aNapolean lll and the German crisis 1865-1866 | |
| 260 | _c1966 | ||
| 650 | _aHISTORY | ||
| 942 |
_hV53:19055:M6, K6-;2 _cTEXL _2CC |
||
| 999 |
_c235267 _d235267 |
||